LEADER 01369cam0-22004931i-450 001 990003741600403321 005 20220620112208.0 010 $a88-15-02306-2 035 $a000374160 035 $aFED01000374160 035 $a(Aleph)000374160FED01 035 $a000374160 100 $a20030910d1989----km-y0itay50------ba 101 0 $aita 102 $aIT 105 $af-------001yy 200 1 $a<>tre rivoluzioni$ee altri saggi di storia economica e sociale$fCarlo M. Cipolla 210 $aBologna$cil Mulino$dc1989 215 $a428 p, tav.$d20 cm 225 1 $aCollezione di testi e di studi$iStoria 610 0 $aEconomia$aStoria$aStudi 676 $a330.9 676 $a14310 700 1$aCipolla,$bCarlo M.$f<1922-2000>$0300049 801 0$aIT$bUNINA$gRICA$2UNIMARC 901 $aBK 912 $a990003741600403321 952 $aSDI-KT 297$b212$fSDI 952 $a330.9 CIP 1$b6035$fbfs 952 $aN01.116$b625$fDECTS 952 $aE/0 CIP/N.A$b8140$fSES 952 $aXI A 1398$b11286$fFSPBC 952 $a330.945 CIPC 01$b2022/1436$fFLFBC 952 $aCOLL.71H(3)$bBibl.19252$fFLFBC 952 $aSE 093.07.20-$b1977$fDECSE 959 $abfs 959 $aDECTS 959 $aSES 959 $aFSPBC 959 $aFLFBC 959 $aDECSE 959 $aSDI 996 $aTre rivoluzioni$9509305 997 $aUNINA LEADER 04492oam 2200733 450 001 9910789307003321 005 20170613141646.0 010 $a1-4704-2534-3 035 $a(CKB)3580000000001953 035 $a(MiAaPQ)EBC4901790 035 $a(RPAM)18785209 035 $a(PPN)197103030 035 $a(EXLCZ)993580000000001953 100 $a20170613h20142016 uy 0 101 0 $aeng 135 $aur||||||||||| 181 $2rdacontent 182 $2rdamedia 183 $2rdacarrier 200 00$aModern trends in constructive function theory $b[electronic resource] $econference in honor of Ed Saff's 70th birthday : constructive functions 2014, May 26-30, 2014, Vanderbilt University, Nashville, Tennessee /$fDouglas P. Hardin, Doron S. Lubinsky, Brian Z. Simanek, editors 210 1$aProvidence, Rhode Island :$cAmerican Mathematical Society,$d2014. 210 4$dİ2016 215 $a1 online resource (ix, 297 pages : illustrations) 225 0 $aContemporary mathematics, $x1098-3627 ; $vv. 661 311 $a1-4704-2934-9 320 $aIncludes bibliographical references. 606 $aFunctions$vCongresses 606 $aApproximation theory$vCongresses 606 $aMathematical analysis$vCongresses 606 $aNumber theory -- Additive number theory; partitions -- Lattice points in specified regions$2msc 606 $aReal functions -- Polynomials, rational functions -- Polynomials: location of zeros$2msc 606 $aPotential theory -- Two-dimensional theory -- Potentials and capacity, harmonic measure, extremal length$2msc 606 $aSpecial functions (33-XX deals with the properties of functions as functions) -- Hypergeometric functions -- Orthogonal polynomials and functions in several variables expressible in terms of special functions in one variable$2msc 606 $aPartial differential equations -- Hyperbolic equations and systems -- Shocks and singularities$2msc 606 $aSequences, series, summability -- Convergence and divergence of infinite limiting processes -- Convergence and divergence of continued fractions$2msc 606 $aApproximations and expansions -- Approximations and expansions -- Padé approximation$2msc 606 $aHarmonic analysis on Euclidean spaces -- Nontrigonometric harmonic analysis -- Orthogonal functions and polynomials, general theory$2msc 606 $aProbability theory and stochastic processes -- Probability theory on algebraic and topological structures -- Random matrices (probabilistic aspects; for algebraic aspects see 15B52)$2msc 615 0$aFunctions 615 0$aApproximation theory 615 0$aMathematical analysis 615 7$aNumber theory -- Additive number theory; partitions -- Lattice points in specified regions. 615 7$aReal functions -- Polynomials, rational functions -- Polynomials: location of zeros. 615 7$aPotential theory -- Two-dimensional theory -- Potentials and capacity, harmonic measure, extremal length. 615 7$aSpecial functions (33-XX deals with the properties of functions as functions) -- Hypergeometric functions -- Orthogonal polynomials and functions in several variables expressible in terms of special functions in one variable. 615 7$aPartial differential equations -- Hyperbolic equations and systems -- Shocks and singularities. 615 7$aSequences, series, summability -- Convergence and divergence of infinite limiting processes -- Convergence and divergence of continued fractions. 615 7$aApproximations and expansions -- Approximations and expansions -- Padé approximation. 615 7$aHarmonic analysis on Euclidean spaces -- Nontrigonometric harmonic analysis -- Orthogonal functions and polynomials, general theory. 615 7$aProbability theory and stochastic processes -- Probability theory on algebraic and topological structures -- Random matrices (probabilistic aspects; for algebraic aspects see 15B52). 676 $a511.3/26 686 $a11P21$a26C10$a31A15$a33C50$a35L67$a40A15$a41A21$a42C05$a60B20$2msc 702 $aSaff$b E. B.$f1944- 702 $aHardin$b Douglas Patten$f1958- 702 $aLubinsky$b D. S$g(Doron Shaul),$f1955- 702 $aSimanek$b Brian Z.$f1985- 801 0$bDLC 801 1$bDLC 801 2$bDLC 801 2$bRPAM 906 $aBOOK 912 $a9910789307003321 996 $aModern trends in constructive function theory$93831219 997 $aUNINA